| 000 | 00572nam a2200205 a 4500 | ||
|---|---|---|---|
| 001 | 23182 | ||
| 005 | 20220701011025.0 | ||
| 008 | 181003s2015 enk b 001 0 eng | ||
| 020 | _a9780194372077 | ||
| 040 |
_aBD-DhIUB _cBD-DhIUB |
||
| 082 | 0 | 0 |
_a401.41 _222 |
| 100 | 1 | _aYule, George. | |
| 245 | 1 | 0 |
_aPragmatics / _cGeorge,Yule. |
| 260 |
_aNew York : _bOxford University Press, _c2015. |
||
| 300 |
_axi, 138 p. ; _c24 cm. |
||
| 440 | 0 | _aCambridge textbooks in linguistics | |
| 504 | _aBibliography: p. 379-396. | ||
| 500 | _aIncludes indexes. | ||
| 650 | 0 | _aPragmatics. | |
| 999 |
_c23192 _d23151 |
||